000 00698nam a2200289Ia 4500
005 20260324141634.0
008 008 260324s9999 xx 000 0 eng d
020 _a9780203360392
037 _aEBOOK
040 _aCRL
040 _beng
040 _cCRL
041 _2eng
041 _aeng
084 _qCRL
100 _aAndrew Elder; Robert Gosling; Harold Stewart
_91208942
245 0 _aMichael Balint
245 0 _bObject Relations, Pure and Applied
260 _bTaylor and Francis
260 _c1996
365 _a
365 _b190
856 _uhttp://www.taylorfrancis.com/books/9780203360392
942 _cEBOOK
999 _c1812260
_d1812260